MARC

LEADER 00000nam0a2200000 4500
001 27636
005 20231030202250.0
010 |a 5940100422 
035 |a (RuTPU)RU\TPU\book\27889 
035 |a BOOK00027964 
090 |a 27636 
100 |a 20011209d2001 m y0rusy50 ca 
101 0 |a rus 
102 |a RU 
105 |a a j 000zy 
200 1 |a Современные методы обеспечения безотказности сложных технических систем  |e учебник  |f Л. Н. Александровская, А. П. Афанасьев, А. А. Лисов 
210 |a Москва  |c Логос  |d 2001 
215 |a 208 с.  |c ил. 
225 1 |a Учебник XXI века 
606 |a Технические системы сложные  |x Надежность  |2 stltpush  |3 (RuTPU)RU\TPU\subj\60082 
610 1 |a автоматика 
610 1 |a безотказность 
610 1 |a надежность 
610 1 |a эффективность 
610 1 |a безопасность 
610 1 |a системные методы 
610 1 |a качественный анализ 
610 1 |a отказы 
610 1 |a предотвращение 
610 1 |a учебные пособия 
675 |a 681.51-192(075.8)  |v 3 
700 1 |a Александровская  |b Л. Н.  |g Лидия Николаевна 
701 1 |a Афанасьев  |b А. П.  |g Александр Петрович 
701 1 |a Лисов  |b А. А.  |g Александр Андреевич 
801 0 |a RU  |b 63413507  |c 20011209  |g PSBO 
801 2 |a RU  |b 63413507  |c 20200723  |g PSBO 
900 |a Надежность информационных систем 
942 |c BK